ბათუმის შოთა რუსთაველის სახელმწიფო უნივერსიტეტის ბიბლიოთეკა

Handbook of Hospitality Human resources management (ბიბ.ჩანაწერი № 46920)

000 -LEADER
fixed length control field 00485nam a2200193Ia 4500
001 - CONTROL NUMBER
control field 13773
003 - CONTROL NUMBER IDENTIFIER
control field GE_BSU
008 - FIXED-LENGTH DATA ELEMENTS--GENERAL INFORMATION
fixed length control field 181216s||||||||xx |||||||||||||| ||und||
040 ## - CATALOGING SOURCE
Transcribing agency GE_BSU
080 ## - UNIVERSAL DECIMAL CLASSIFICATION NUMBER
Universal Decimal Classification number 005.95/96
245 ## - TITLE STATEMENT
Title Handbook of Hospitality Human resources management
245 ## - TITLE STATEMENT
Statement of responsibility, etc. Edited by Dana V.Tesone
260 ## - PUBLICATION, DISTRIBUTION, ETC.
Place of publication, distribution, etc. Amsterdam
260 ## - PUBLICATION, DISTRIBUTION, ETC.
Date of publication, distribution, etc. 2008
300 ## - PHYSICAL DESCRIPTION
Extent 522p.24cm.
653 ## - INDEX TERM--UNCONTROLLED
Uncontrolled term Handbook of Hospitality Human resources management
942 ## - ADDED ENTRY ELEMENTS (KOHA)
Koha item type წიგნი
ეგზემპლარები
Withdrawn status Lost status Damaged status Not for loan Date acquired Barcode Date last seen Price effective from Koha item type
        2018-12-17 37086 2018-12-17 2018-12-17 წიგნი